Annual report 1993/94

Guardado en:
Detalles Bibliográficos
Autor Corporativo: SAREC
Formato: Libro
Lenguaje:Undetermined
Publicado: Stockholm Sarec 1994
Materias:
Etiquetas: Agregar Etiqueta
Sin Etiquetas, Sea el primero en etiquetar este registro!
Thư viện lưu trữ: Trung tâm Học liệu Trường Đại học Cần Thơ
LEADER 00480nam a2200193Ia 4500
001 CTU_122463
008 210402s9999 xx 000 0 und d
082 |a 633.18 
082 |b S726 
110 |a SAREC 
245 0 |a Annual report 1993/94 
245 0 |c SAREC 
260 |a Stockholm 
260 |b Sarec 
260 |c 1994 
650 |a Agrculture,Nông nghiệp 
650 |x Annual report 
904 |i Hiếu 
980 |a Trung tâm Học liệu Trường Đại học Cần Thơ